000 00485nam a2200169Ia 4500
005 20250508155701.0
008 008 250505s9999 xx 000 0 eng d
037 _aTextual
040 _aFEDL
_beng
_cFEDL
041 _aeng
_2eng
084 _a371.103, NCE
_qFEDL
245 0 _aParent teacher associations : A survey
260 _aNew Delhi, India
_bNational Institute of Education
300 _a68p.
942 _cTEXL
_h371.103, NCE
999 _c1358784
_d1358784